[Event "43. Torneo de Ajedrez Villa de Mislata"]
[Site "Mislata ESP"]
[Date "2009.08.28"]
[Round "7.7"]
[White "Del Rio De Angelis, Salvador G"]
[Black "Garcia, Jhoel"]
[Result "1/2-1/2"]
[WhiteElo "2560"]
[BlackElo "2341"]
[PlyCount "79"]
[EventDate "2009.08.24"]
[EventType "swiss"]
[EventRounds "9"]
[EventCountry "ESP"]
[Source "lmi"]
[SourceDate "2009.08.24"]

1. d4 Nf6 2. Nf3 g6 3. g3 Bg7 4. Bg2 O-O 5. O-O d5 6. c4 dxc4 7. Na3 c3 8. bxc3
c5 9. e3 Nc6 10. Bb2 cxd4 11. cxd4 Nb4 12. Ne5 Be6 13. Nac4 Bd5 14. Qb3 Bxg2
15. Kxg2 a5 16. a3 Qd5+ 17. f3 b5 18. axb4 bxc4 19. Nxc4 axb4 20. Rxa8 Qxa8 21.
Qxb4 Nd5 22. Qa3 Qc6 23. Rc1 Bh6 24. Qb3 Qe6 25. f4 Rc8 26. Kg1 Nxe3 27. Qxe3
Rxc4 28. Qxe6 Rxc1+ 29. Bxc1 fxe6 30. Kf2 Kf7 31. Kf3 Bg7 32. Ke4 Bf6 33. Bd2
Bg7 34. g4 Bf6 35. g5 Bh8 36. Ba5 Bg7 37. Bc7 h5 38. Be5 Bf8 39. h4 Kg8 40. Kd3
1/2-1/2

[Event "43. Torneo de Ajedrez Villa de Mislata"]
[Site "Mislata ESP"]
[Date "2009.08.28"]
[Round "7.8"]
[White "Abreu Delgado, Aryam"]
[Black "Gomez Jurado, Luis Alberto"]
[Result "1-0"]
[WhiteElo "2487"]
[BlackElo "2282"]
[PlyCount "117"]
[EventDate "2009.08.24"]
[EventType "swiss"]
[EventRounds "9"]
[EventCountry "ESP"]
[Source "lmi"]
[SourceDate "2009.08.24"]

1. e4 c5 2. Nf3 Nc6 3. d4 cxd4 4. Nxd4 Nf6 5. Nc3 e5 6. Ndb5 d6 7. Bg5 a6 8.
Na3 b5 9. Nd5 Be7 10. Bxf6 Bxf6 11. c3 Ne7 12. Nxf6+ gxf6 13. Bd3 Bb7 14. Qe2
Qb6 15. Nc2 d5 16. Nb4 dxe4 17. Bxe4 Bxe4 18. Qxe4 Rd8 19. a4 a5 20. Nc2 O-O
21. Ne3 bxa4 22. Ra2 a3 23. bxa3 Qb3 24. Qc2 Qe6 25. O-O f5 26. Qe2 f4 27. Qg4+
Qxg4 28. Nxg4 f6 29. f3 Rd3 30. Rc1 Nd5 31. c4 Rc8 32. Rac2 Ne3 33. Nxe3 fxe3
34. Rc3 Rcd8 35. Kf1 f5 36. Rxd3 Rxd3 37. c5 Rd7 38. c6 Rc7 39. Rc5 f4 40. g3
Kf7 41. Rxe5 Rxc6 42. Rf5+ Kg6 43. Rxf4 Rc1+ 44. Ke2 Rc2+ 45. Kxe3 Rc3+ 46. Ke4
Rxa3 47. Rf8 Ra2 48. h4 h5 49. Ra8 Ra4+ 50. Ke5 Ra3 51. Ra6+ Kg7 52. Kf5 a4 53.
g4 Ra1 54. Kg5 hxg4 55. Ra7+ Kf8 56. fxg4 a3 57. h5 Kg8 58. Kg6 Kf8 59. h6 1-0

[Event "43. Torneo de Ajedrez Villa de Mislata"]
[Site "Mislata ESP"]
[Date "2009.08.28"]
[Round "7.9"]
[White "Gongora Reyes, Maikel"]
[Black "Rabineau, Clement"]
[Result "1-0"]
[WhiteElo "2446"]
[BlackElo "2263"]
[PlyCount "78"]
[EventDate "2009.08.24"]
[EventType "swiss"]
[EventRounds "9"]
[EventCountry "ESP"]
[Source "lmi"]
[SourceDate "2009.08.24"]

1. d4 g6 2. c4 Bg7 3. Nc3 d6 4. e4 Nf6 5. Nf3 O-O 6. Be2 e5 7. O-O exd4 8. Nxd4
Re8 9. f3 c6 10. Kh1 Na6 11. Bg5 Qa5 12. Bh4 Nh5 13. Qd2 Qe5 14. Rfd1 Qf4 15.
Qxf4 Nxf4 16. Bf1 Be5 17. Bf2 Nc5 18. g3 Nfe6 19. f4 Nxd4 20. Bxd4 Bg7 21. Bxg7
Kxg7 22. Bg2 f5 23. exf5 Bxf5 24. Rxd6 Rad8 25. Rxd8 Rxd8 26. Rd1 Nd3 27. Rd2
Re8 28. Bf1 Re1 29. Kg2 Nc5 30. Rd1 Be4+ 31. Kf2 Nd3+ 32. Bxd3 Rxd1 33. Nxd1
Bxd3 34. c5 Bc4 35. a3 Bb3 36. Nc3 b6 37. Ne4 Bd5 38. Ke3 Kh6 39. b4 bxc5 1-0

[Event "43. Torneo de Ajedrez Villa de Mislata"]
[Site "Mislata ESP"]
[Date "2009.08.28"]
[Round "7.10"]
[White "Torres Sanchez, Jose"]
[Black "Komljenovic, Davorin"]
[Result "0-1"]
[WhiteElo "2322"]
[BlackElo "2431"]
[PlyCount "44"]
[EventDate "2009.08.24"]
[EventType "swiss"]
[EventRounds "9"]
[EventCountry "ESP"]
[Source "lmi"]
[SourceDate "2009.08.24"]

1. e4 c5 2. Nf3 d6 3. d4 cxd4 4. Nxd4 Nf6 5. Nc3 a6 6. Bg5 e6 7. f4 h6 8. Bh4
Nbd7 9. Qf3 Be7 10. O-O-O Qc7 11. Kb1 b5 12. Bxf6 Nxf6 13. e5 Bb7 14. Qg3 dxe5
15. fxe5 Nd7 16. Nxe6 fxe6 17. Qg6+ Kf8 18. Qxe6 Nxe5 19. Be2 Bf6 20. Bh5 Qe7
21. Qb6 Nc4 22. Qf2 Qb4 0-1

[Event "43. Torneo de Ajedrez Villa de Mislata"]
[Site "Mislata ESP"]
[Date "2009.08.28"]
[Round "7.11"]
[White "Vitor, Antonio"]
[Black "Paniagua Tineo, Arturo"]
[Result "1-0"]
[WhiteElo "2398"]
[BlackElo "2079"]
[PlyCount "69"]
[EventDate "2009.08.24"]
[EventType "swiss"]
[EventRounds "9"]
[EventCountry "ESP"]
[Source "lmi"]
[SourceDate "2009.08.24"]

1. b3 d5 2. Bb2 Nf6 3. e3 c6 4. Nf3 Bg4 5. h3 Bh5 6. d3 Nbd7 7. Nbd2 e6 8. g4
Bg6 9. Rg1 Qc7 10. h4 h5 11. g5 Ng4 12. Qe2 Rg8 13. Bh3 Nh2 14. Nd4 c5 15. Nb5
Qc6 16. a4 a6 17. Na3 c4 18. bxc4 Bxa3 19. Bxa3 dxc4 20. Bg2 cxd3 21. Bxc6 dxe2
22. Bxb7 Ra7 23. Bh1 Ne5 24. f4 Neg4 25. Kxe2 Kd7 26. c4 e5 27. f5 Bxf5 28. Ne4
Rb8 29. Rgd1+ Kc7 30. Bd6+ Kc8 31. Bxb8 Kxb8 32. Nd6 Be6 33. Rab1+ Kc7 34. Ne8+
Kc8 35. Bb7+ 1-0

[Event "43. Torneo de Ajedrez Villa de Mislata"]
[Site "Mislata ESP"]
[Date "2009.08.28"]
[Round "7.12"]
[White "Mascaro March, Pedro"]
[Black "Carbonell Bofill, Carlos Eloy"]
[Result "0-1"]
[WhiteElo "2382"]
[BlackElo "2203"]
[PlyCount "96"]
[EventDate "2009.08.24"]
[EventType "swiss"]
[EventRounds "9"]
[EventCountry "ESP"]
[Source "lmi"]
[SourceDate "2009.08.24"]

1. d4 e6 2. Nf3 c5 3. c4 cxd4 4. Nxd4 Nf6 5. Nc3 Nc6 6. g3 Qb6 7. e3 Bb4 8. Bg2
Ne5 9. O-O Nxc4 10. Na4 Qa5 11. a3 Be7 12. b3 Ne5 13. Bb2 Nc6 14. b4 Qd8 15.
Nc5 O-O 16. Rc1 Nxd4 17. Qxd4 d5 18. Rfd1 Ne8 19. e4 Bf6 20. Qd2 b6 21. Nb3 Bb7
22. e5 Be7 23. Nd4 Qd7 24. Bf1 Nc7 25. Bd3 Rfc8 26. Qe2 a5 27. b5 Ne8 28. h4
Rxc1 29. Bxc1 Rc8 30. a4 Rc3 31. Bb1 Bc5 32. Bb2 Rc4 33. Nf3 Qe7 34. Bd3 Rb4
35. Kg2 f5 36. Qc2 h6 37. Bc1 Rg4 38. Nh2 d4+ 39. Kh3 Qf7 40. f3 h5 41. Qe2 Nc7
42. Nf1 Nd5 43. Bd2 Nc3 44. Bxc3 dxc3 45. f4 Qg6 46. Bc4 Bg1 47. Rd3 c2 48.
Qxc2 Rxh4+ 0-1

[Event "43. Torneo de Ajedrez Villa de Mislata"]
[Site "Mislata ESP"]
[Date "2009.08.28"]
[Round "7.14"]
[White "Gonzalez Rodriguez, Jorge Armando"]
[Black "Crecente Penalba, Jose Manuel"]
[Result "1-0"]
[WhiteElo "2429"]
[BlackElo "2106"]
[PlyCount "81"]
[EventDate "2009.08.24"]
[EventType "swiss"]
[EventRounds "9"]
[EventCountry "ESP"]
[Source "lmi"]
[SourceDate "2009.08.24"]

1. b3 d5 2. e3 Nf6 3. Bb2 e6 4. d4 Be7 5. Bd3 c5 6. Nd2 Nc6 7. a3 cxd4 8. exd4
O-O 9. Ngf3 b6 10. Qe2 Bb7 11. O-O-O Rc8 12. Kb1 Bd6 13. Ne5 Qc7 14. f4 Ne7 15.
Rhe1 Ne4 16. Nxe4 dxe4 17. Bxe4 Bxe4 18. Qxe4 Nd5 19. a4 Bb4 20. c4 Nf6 21. Qf3
Bxe1 22. Rxe1 a6 23. Rc1 Rfd8 24. g4 Nd7 25. Nd3 Nb8 26. f5 Qc6 27. Qg3 Qd6 28.
Qh4 f6 29. g5 e5 30. Rg1 Rf8 31. Qg3 fxg5 32. dxe5 Qd8 33. f6 h6 34. h4 gxf6
35. exf6 Rxf6 36. Ne5 Rf5 37. Ng4 Kh7 38. Qc3 Qf8 39. Qc2 Rc6 40. Rf1 Rcc5 41.
Nf6+ 1-0

[Event "43. Torneo de Ajedrez Villa de Mislata"]
[Site "Mislata ESP"]
[Date "2009.08.28"]
[Round "7.15"]
[White "Spassov, Liuben"]
[Black "Vargas, Freddy Giovanny"]
[Result "1-0"]
[WhiteElo "2427"]
[BlackElo "2070"]
[PlyCount "63"]
[EventDate "2009.08.24"]
[EventType "swiss"]
[EventRounds "9"]
[EventCountry "ESP"]
[Source "lmi"]
[SourceDate "2009.08.24"]

1. d4 Nf6 2. c4 g6 3. Nc3 Bg7 4. e4 d6 5. f3 O-O 6. Nge2 e5 7. Be3 Nbd7 8. Qd2
Nb6 9. Ng3 exd4 10. Bxd4 Nfd7 11. Bxg7 Kxg7 12. Be2 h5 13. O-O a6 14. Rad1 Qe7
15. Nd5 Nxd5 16. cxd5 h4 17. Nh1 f6 18. Rc1 Nb8 19. Nf2 c6 20. dxc6 bxc6 21. f4
d5 22. Bf3 Be6 23. Qa5 Ra7 24. exd5 cxd5 25. Rfe1 Rd7 26. Nd3 Rd6 27. Nc5 Re8
28. Bxd5 Bxd5 29. Rxe7+ Rxe7 30. Re1 Rf7 31. Rd1 Nd7 32. Ne4 1-0

[Event "43. Torneo de Ajedrez Villa de Mislata"]
[Site "Mislata ESP"]
[Date "2009.08.28"]
[Round "7.16"]
[White "Del Rey, Diego"]
[Black "Moreno Ibanez, Miguel"]
[Result "1-0"]
[WhiteElo "2420"]
[BlackElo "1923"]
[PlyCount "83"]
[EventDate "2009.08.24"]
[EventType "swiss"]
[EventRounds "9"]
[EventCountry "ESP"]
[Source "lmi"]
[SourceDate "2009.08.24"]

1. d4 Nf6 2. Nf3 g6 3. c4 Bg7 4. Nc3 d6 5. Bg5 O-O 6. e3 h6 7. Bh4 Nbd7 8. Qc2
c6 9. Rd1 Qc7 10. Be2 Re8 11. h3 e5 12. O-O a5 13. a3 Nh7 14. b4 axb4 15. axb4
exd4 16. exd4 Ndf6 17. Bg3 Bf5 18. Bd3 Bxd3 19. Qxd3 Ra3 20. Qc2 Nh5 21. Bh2
Ng5 22. Nxg5 hxg5 23. Rd3 Raa8 24. Qd2 Qe7 25. d5 Nf4 26. Bxf4 gxf4 27. dxc6
bxc6 28. Qxf4 Be5 29. Qf3 Qc7 30. Rb1 Reb8 31. h4 Qe7 32. g3 d5 33. Re1 dxc4
34. Rd4 Rxb4 35. Qxc6 Ra1 36. Rde4 Bxc3 37. Rxe7 Rxe1+ 38. Rxe1 Bxe1 39. Qe8+
Kg7 40. Qxe1 Rb3 41. Qe5+ Kh7 42. Qd5 1-0

[Event "43. Torneo de Ajedrez Villa de Mislata"]
[Site "Mislata ESP"]
[Date "2009.08.28"]
[Round "7.17"]
[White "Cruz Lledo, Pablo"]
[Black "Dolezal, Cristian"]
[Result "1/2-1/2"]
[WhiteElo "2190"]
[BlackElo "2391"]
[PlyCount "39"]
[EventDate "2009.08.24"]
[EventType "swiss"]
[EventRounds "9"]
[EventCountry "ESP"]
[Source "lmi"]
[SourceDate "2009.08.24"]

1. d4 e6 2. c4 Bb4+ 3. Nc3 c5 4. Nf3 d6 5. g3 Nc6 6. Bg2 Bxc3+ 7. bxc3 Nge7 8.
O-O O-O 9. e3 Na5 10. Nd2 Qc7 11. Qe2 Rb8 12. Nb3 b6 13. Nxa5 bxa5 14. Ba3 cxd4
15. cxd4 Ba6 16. Rfc1 d5 17. Qd2 Bxc4 18. Bf1 Rfc8 19. Bxc4 dxc4 20. Bc5
1/2-1/2

[Event "43. Torneo de Ajedrez Villa de Mislata"]
[Site "Mislata ESP"]
[Date "2009.08.28"]
[Round "7.19"]
[White "Castella Garcia, Fausto"]
[Black "Montoliu Cervero, Francisco"]
[Result "1-0"]
[WhiteElo "2320"]
[BlackElo "2063"]
[PlyCount "45"]
[EventDate "2009.08.24"]
[EventType "swiss"]
[EventRounds "9"]
[EventCountry "ESP"]
[Source "lmi"]
[SourceDate "2009.08.24"]

1. e4 c5 2. Nf3 d6 3. d4 cxd4 4. Nxd4 Nf6 5. Nc3 g6 6. Be3 Bg7 7. f3 Nc6 8. Qd2
O-O 9. g4 Bd7 10. O-O-O Rb8 11. h4 h5 12. gxh5 Nxh5 13. Rg1 Nxd4 14. Bxd4 Kh7
15. Bxg7 Kxg7 16. f4 e6 17. Qxd6 Qf6 18. Qxd7 Rfd8 19. Qc7 Nxf4 20. Bb5 a6 21.
Rgf1 e5 22. Nd5 Ne2+ 23. Bxe2 1-0

[Event "43. Torneo de Ajedrez Villa de Mislata"]
[Site "Mislata ESP"]
[Date "2009.08.28"]
[Round "7.20"]
[White "Martinez Ramon, Senen"]
[Black "Varley, Peter"]
[Result "0-1"]
[WhiteElo "2099"]
[BlackElo "2280"]
[PlyCount "70"]
[EventDate "2009.08.24"]
[EventType "swiss"]
[EventRounds "9"]
[EventCountry "ESP"]
[Source "lmi"]
[SourceDate "2009.08.24"]

1. e4 e5 2. Nf3 Nc6 3. Bc4 Bc5 4. Nc3 Nf6 5. d3 d6 6. h3 Na5 7. Bb3 Nxb3 8.
axb3 a6 9. O-O h6 10. Be3 Bxe3 11. fxe3 O-O 12. Qe1 c6 13. Nh4 g6 14. Qf2 Nh7
15. Qg3 Qg5 16. Kh2 Qxg3+ 17. Kxg3 Bd7 18. Na4 Rae8 19. Nb6 Be6 20. c4 Kg7 21.
b4 Nf6 22. Nf3 Nd7 23. Nxd7 Bxd7 24. Nd2 Be6 25. d4 exd4 26. exd4 Bd7 27. c5
Re6 28. cxd6 Rxd6 29. Nf3 Be6 30. Rfd1 Rfd8 31. Kf4 f5 32. exf5 Bxf5 33. Ke3
Re8+ 34. Ne5 Rd5 35. Ra5 Rexe5+ 0-1

[Event "43. Torneo de Ajedrez Villa de Mislata"]
[Site "Mislata ESP"]
[Date "2009.08.29"]
[Round "8.1"]
[White "Korneev, Oleg"]
[Black "Gomez Garrido, Camilo"]
[Result "1/2-1/2"]
[WhiteElo "2537"]
[BlackElo "2461"]
[PlyCount "123"]
[EventDate "2009.08.24"]
[EventType "swiss"]
[EventRounds "9"]
[EventCountry "ESP"]
[Source "lmi"]
[SourceDate "2009.08.24"]

1. e4 c5 2. Nf3 d6 3. d4 cxd4 4. Nxd4 Nf6 5. Nc3 a6 6. Be3 e5 7. Nf3 Be7 8. Bc4
Be6 9. Bb3 O-O 10. O-O Nc6 11. Bg5 Rc8 12. Bxf6 Bxf6 13. Nd5 Bxd5 14. Qxd5 Qc7
15. c3 Na5 16. Rfd1 Rfd8 17. g3 g6 18. Kg2 Kg7 19. h4 h5 20. Ne1 Nc4 21. Bxc4
Qxc4 22. Nc2 Qxd5 23. Rxd5 Be7 24. Ne3 Kf6 25. f4 exf4 26. gxf4 Kg7 27. Kg3 Re8
28. Rad1 Rc6 29. Kf3 Kf8 30. c4 Rb8 31. b3 Ke8 32. f5 Bxh4 33. Rxd6 Rxd6 34.
Rxd6 Rd8 35. Rb6 Rd2 36. e5 g5 37. Rxb7 g4+ 38. Ke4 g3 39. f6 Bg5 40. Rb8+ Kd7
41. Rg8 Bxe3 42. Kxe3 Rxa2 43. Rxg3 Ke6 44. Rg5 h4 45. Rh5 Rb2 46. Kd4 Rxb3 47.
Rxh4 Rb1 48. Re4 a5 49. Re2 a4 50. Ra2 Rd1+ 51. Kc5 Kxe5 52. Rxa4 Kxf6 53. Kb6
Ke5 54. c5 Rb1+ 55. Kc7 f5 56. c6 f4 57. Ra5+ Ke4 58. Kd6 Rd1+ 59. Ke6 Rc1 60.
Re5+ Kd4 61. Rd5+ Ke4 62. Re5+ 1/2-1/2

[Event "43. Torneo de Ajedrez Villa de Mislata"]
[Site "Mislata ESP"]
[Date "2009.08.29"]
[Round "8.2"]
[White "Abreu Delgado, Aryam"]
[Black "Guerra Mendez, Jose Angel"]
[Result "1/2-1/2"]
[WhiteElo "2487"]
[BlackElo "2408"]
[PlyCount "95"]
[EventDate "2009.08.24"]
[EventType "swiss"]
[EventRounds "9"]
[EventCountry "ESP"]
[Source "lmi"]
[SourceDate "2009.08.24"]

1. e4 e5 2. Nf3 Nc6 3. Bb5 a6 4. Ba4 Nf6 5. O-O Be7 6. d3 b5 7. Bb3 d6 8. a4
Bd7 9. c3 O-O 10. Ba2 b4 11. Nbd2 Rb8 12. Re1 Be6 13. Nc4 Bxc4 14. Bxc4 Na5 15.
Bxa6 bxc3 16. bxc3 Ra8 17. Bc4 Nxc4 18. dxc4 Ra5 19. Bg5 Nd7 20. Be3 c5 21. Qc2
Nb6 22. Nd2 Qd7 23. Rab1 Qxa4 24. Qxa4 Nxa4 25. Rb7 Bf6 26. Ra1 Rfa8 27. Kf1
Kf8 28. Ra3 R5a7 29. Rxa7 Rxa7 30. Ke2 Ke7 31. Nf1 Kd7 32. Bd2 Ra8 33. Ne3 Nb6
34. Rxa8 Nxa8 35. Nd5 Bd8 36. Kd3 Nb6 37. g3 Kc6 38. f4 f6 39. Ne3 g5 40. Ng4
Kd7 41. Nh6 Ke6 42. Nf5 Nd7 43. Ng7+ Kf7 44. Nf5 Ke6 45. Ng7+ Kf7 46. Nf5 Ke6
47. Ng7+ Kf7 48. Nf5 1/2-1/2

[Event "43. Torneo de Ajedrez Villa de Mislata"]
[Site "Mislata ESP"]
[Date "2009.08.29"]
[Round "8.3"]
[White "Carbonell Bofill, Carlos Eloy"]
[Black "Ortiz Suarez, Isan Reynaldo"]
[Result "0-1"]
[WhiteElo "2203"]
[BlackElo "2504"]
[PlyCount "82"]
[EventDate "2009.08.24"]
[EventType "swiss"]
[EventRounds "9"]
[EventCountry "ESP"]
[Source "lmi"]
[SourceDate "2009.08.24"]

1. d4 c5 2. c3 g6 3. dxc5 Qc7 4. b4 Bg7 5. a3 a5 6. Ra2 Nf6 7. Nf3 O-O 8. e3
Rd8 9. Qb3 Nc6 10. Bc4 d5 11. cxd6 exd6 12. O-O a4 13. Qc2 Ne5 14. Nxe5 dxe5
15. Qe2 e4 16. Rd2 Rxd2 17. Bxd2 Ng4 18. f4 exf3 19. gxf3 Ne5 20. Bd5 Be6 21.
Bxe6 fxe6 22. Rd1 Nc4 23. Be1 Rf8 24. Bg3 Qc6 25. Nd2 Nxd2 26. Rxd2 Qxc3 27.
Rd3 Qa1+ 28. Kg2 Rc8 29. Kh3 h5 30. Rd7 Qb1 31. e4 g5 32. Qb5 Bf6 33. Rxb7 Qd1
34. Kg2 g4 35. Qf1 Rc2+ 36. Bf2 Qxf3+ 37. Kg1 Bg5 38. Rb8+ Kh7 39. b5 Rxf2 40.
Rb7+ Kg6 41. Qxf2 Be3 0-1

[Event "43. Torneo de Ajedrez Villa de Mislata"]
[Site "Mislata ESP"]
[Date "2009.08.29"]
[Round "8.4"]
[White "Prie, Eric"]
[Black "Vitor, Antonio"]
[Result "1-0"]
[WhiteElo "2491"]
[BlackElo "2398"]
[PlyCount "103"]
[EventDate "2009.08.24"]
[EventType "swiss"]
[EventRounds "9"]
[EventCountry "ESP"]
[Source "lmi"]
[SourceDate "2009.08.24"]

1. d4 Nf6 2. Bf4 b6 3. e3 Bb7 4. Nf3 d6 5. c4 g6 6. Nc3 Ne4 7. Nxe4 Bxe4 8. Bd3
Bxd3 9. Qxd3 Bg7 10. h4 h6 11. O-O-O Nd7 12. e4 Qc8 13. e5 dxe5 14. Nxe5 Nxe5
15. Bxe5 Bxe5 16. dxe5 Qf5 17. h5 Qxd3 18. Rxd3 Rg8 19. hxg6 Rxg6 20. g3 Rd8
21. Kc2 Rxd3 22. Kxd3 Kf8 23. Rh4 f6 24. Ke4 fxe5 25. Kxe5 Rg5+ 26. Ke6 Rg6+
27. Kd7 Rd6+ 28. Kxc7 Rd2 29. Rf4+ Ke8 30. b4 Rxa2 31. c5 bxc5 32. bxc5 a5 33.
Rh4 Rxf2 34. Rxh6 Rg2 35. Rh8+ Kf7 36. Kb6 Rxg3 37. c6 Rb3+ 38. Kxa5 Rc3 39.
Kb6 Rb3+ 40. Ka7 Ra3+ 41. Kb7 Rb3+ 42. Kc8 e5 43. c7 Ke6 44. Re8+ Kd5 45. Kd7
Rc3 46. c8=Q Rxc8 47. Rxc8 e4 48. Re8 Kd4 49. Ke6 e3 50. Kf5 Kd3 51. Kf4 e2 52.
Kf3 1-0

[Event "43. Torneo de Ajedrez Villa de Mislata"]
[Site "Mislata ESP"]
[Date "2009.08.29"]
[Round "8.5"]
[White "Palencia, Wilson"]
[Black "Gongora Reyes, Maikel"]
[Result "1/2-1/2"]
[WhiteElo "2319"]
[BlackElo "2446"]
[PlyCount "93"]
[EventDate "2009.08.24"]
[EventType "swiss"]
[EventRounds "9"]
[EventCountry "ESP"]
[Source "lmi"]
[SourceDate "2009.08.24"]

1. e4 e5 2. Nf3 Nc6 3. d4 exd4 4. Bc4 Nf6 5. e5 d5 6. Bb5 Ne4 7. Nxd4 Bd7 8.
Bxc6 bxc6 9. O-O Bc5 10. Be3 Bb6 11. f3 Ng5 12. f4 Ne4 13. Nd2 c5 14. N4f3 f5
15. Nxe4 fxe4 16. Qxd5 exf3 17. e6 Bb5 18. Qh5+ g6 19. Qe5 Rf8 20. Rfd1 Qf6 21.
Qe4 Ke7 22. a4 Qxe6 23. Qxe6+ Kxe6 24. axb5 fxg2 25. c4 Rad8 26. Re1 Kf5 27. b4
Rfe8 28. Kxg2 Rd3 29. Bxc5 Rxe1 30. Rxe1 Rc3 31. Bxb6 cxb6 32. c5 bxc5 33. Re5+
Kxf4 34. Rxc5 Rb3 35. Rc4+ Kg5 36. Rc7 h5 37. Rxa7 Rxb4 38. Rb7 Rb2+ 39. Kg1
Kg4 40. b6 Kh3 41. Rb8 Rb1+ 42. Kf2 Rb2+ 43. Kg1 g5 44. b7 Kg4 45. Kf1 h4 46.
h3+ Kxh3 47. Rg8 1/2-1/2

[Event "43. Torneo de Ajedrez Villa de Mislata"]
[Site "Mislata ESP"]
[Date "2009.08.29"]
[Round "8.6"]
[White "Komljenovic, Davorin"]
[Black "Debray, Christopher"]
[Result "1/2-1/2"]
[WhiteElo "2431"]
[BlackElo "2328"]
[PlyCount "83"]
[EventDate "2009.08.24"]
[EventType "swiss"]
[EventRounds "9"]
[EventCountry "ESP"]
[Source "lmi"]
[SourceDate "2009.08.24"]

1. d4 d5 2. c4 dxc4 3. e4 e5 4. Nf3 exd4 5. Bxc4 Bb4+ 6. Nbd2 Nc6 7. O-O Nf6 8.
a3 Be7 9. b4 O-O 10. Re1 Bg4 11. h3 Bh5 12. Bb2 Ne5 13. Qb3 Nxc4 14. Qxc4 Bxf3
15. Nxf3 c5 16. bxc5 Rc8 17. Bxd4 Nd7 18. Rad1 Qc7 19. c6 Nb6 20. Bxb6 axb6 21.
e5 Qxc6 22. Qb3 Qc2 23. Qxc2 Rxc2 24. Nd4 Rb2 25. Rd3 Bc5 26. Red1 Re8 27. f4
f6 28. exf6 Ree2 29. Rg3 Rbd2 30. Rxg7+ Kf8 31. Rxd2 Rxd2 32. Kh2 Rxd4 33. Kg3
Bd6 34. Rxb7 Rxf4 35. Rxb6 Rxf6+ 36. Kg4 Kg7 37. h4 Rg6+ 38. Kf5 h5 39. a4 Rf6+
40. Ke4 Rf4+ 41. Ke3 Rf6 42. Ke4 1/2-1/2

[Event "43. Torneo de Ajedrez Villa de Mislata"]
[Site "Mislata ESP"]
[Date "2009.08.29"]
[Round "8.9"]
[White "Gonzalez Rodriguez, Jorge Armando"]
[Black "Battaglini, Gabriel"]
[Result "1-0"]
[WhiteElo "2429"]
[BlackElo "2345"]
[PlyCount "53"]
[EventDate "2009.08.24"]
[EventType "swiss"]
[EventRounds "9"]
[EventCountry "ESP"]
[Source "lmi"]
[SourceDate "2009.08.24"]

1. c4 Nf6 2. Nc3 e6 3. d4 d5 4. Nf3 Bb4 5. Qa4+ Nc6 6. Ne5 Bd7 7. Nxd7 Qxd7 8.
e3 Ne4 9. Qc2 e5 10. cxd5 Qxd5 11. Bd3 Nf6 12. O-O Qa5 13. dxe5 Nxe5 14. Be2
Bxc3 15. bxc3 O-O 16. Rb1 Qd5 17. Rb5 c5 18. c4 Qe4 19. Qxe4 Nxe4 20. Bb2 Nc6
21. f3 a6 22. Rxb7 Rab8 23. Rxb8 Rxb8 24. Ba1 Nd2 25. Rd1 Nb1 26. Kf2 Nb4 27.
Rxb1 1-0

[Event "43. Torneo de Ajedrez Villa de Mislata"]
[Site "Mislata ESP"]
[Date "2009.08.29"]
[Round "8.11"]
[White "Pardo Simon, David"]
[Black "Spassov, Liuben"]
[Result "1/2-1/2"]
[WhiteElo "2321"]
[BlackElo "2427"]
[PlyCount "67"]
[EventDate "2009.08.24"]
[EventType "swiss"]
[EventRounds "9"]
[EventCountry "ESP"]
[Source "lmi"]
[SourceDate "2009.08.24"]

1. e4 c6 2. Nc3 d5 3. Nf3 Bg4 4. h3 Bxf3 5. Qxf3 e6 6. d3 Nd7 7. Bd2 g6 8.
O-O-O Bg7 9. g4 Ne7 10. h4 h5 11. gxh5 Rxh5 12. Qg3 Qb6 13. Be2 Rh8 14. h5
O-O-O 15. f4 Bd4 16. hxg6 Nxg6 17. e5 Rdg8 18. Rh5 Rxh5 19. Bxh5 Qd8 20. Ne2
Bb6 21. Qh3 Rh8 22. Rh1 Ne7 23. Qf1 Qg8 24. Rh3 Rh7 25. Bg4 Qg6 26. Rxh7 Qxh7
27. Qh3 Qxh3 28. Bxh3 Nf8 29. d4 Nfg6 30. Be1 c5 31. c3 cxd4 32. cxd4 Kd7 33.
Kd2 Nf5 34. Bf2 1/2-1/2

[Event "43. Torneo de Ajedrez Villa de Mislata"]
[Site "Mislata ESP"]
[Date "2009.08.29"]
[Round "8.12"]
[White "Sanchez Jerez, Emilio Miguel"]
[Black "Alonso Moyano, Jonathan"]
[Result "1-0"]
[WhiteElo "2212"]
[BlackElo "2365"]
[PlyCount "99"]
[EventDate "2009.08.24"]
[EventType "swiss"]
[EventRounds "9"]
[EventCountry "ESP"]
[Source "lmi"]
[SourceDate "2009.08.24"]

1. e4 c5 2. Nc3 a6 3. Nf3 b5 4. d4 cxd4 5. Nxd4 Bb7 6. Bd3 e6 7. O-O Bc5 8. Nf3
d6 9. Qe2 e5 10. a4 b4 11. Nd5 Ne7 12. c4 a5 13. Bg5 f6 14. Be3 Nd7 15. Nh4
Bxd5 16. exd5 Bxe3 17. fxe3 g6 18. c5 Nxc5 19. Rxf6 Nxd3 20. Qxd3 Qb6 21. Nf3
Qc5 22. Rd1 Nf5 23. Re1 Ne7 24. Rd1 Nf5 25. Re1 Ne7 26. Ng5 Rc8 27. Re6 Qc4 28.
Qxc4 Rxc4 29. Rf1 Rf8 30. Rxf8+ Kxf8 31. Nxh7+ Ke8 32. Rxd6 Rc1+ 33. Kf2 Rc2+
34. Kf3 e4+ 35. Kxe4 Rxg2 36. Ke5 Rxh2 37. Nf6+ Kf7 38. e4 Rxb2 39. Rd7 Rg2 40.
Kd6 Kxf6 41. e5+ Kf5 42. Rxe7 Rd2 43. Rb7 Ke4 44. Rb5 b3 45. e6 b2 46. e7 Rxd5+
47. Rxd5 b1=Q 48. e8=Q+ Kf3 49. Qf7+ Kg3 50. Rg5+ 1-0

[Event "43. Torneo de Ajedrez Villa de Mislata"]
[Site "Mislata ESP"]
[Date "2009.08.29"]
[Round "8.13"]
[White "Garcia, Jhoel"]
[Black "Fenollar Jorda, Manuel"]
[Result "1/2-1/2"]
[WhiteElo "2341"]
[BlackElo "2341"]
[PlyCount "129"]
[EventDate "2009.08.24"]
[EventType "swiss"]
[EventRounds "9"]
[EventCountry "ESP"]
[Source "lmi"]
[SourceDate "2009.08.24"]

1. d4 d5 2. Nf3 Nf6 3. c4 c6 4. Nc3 a6 5. c5 Nbd7 6. e3 Qc7 7. b4 e5 8. dxe5
Nxe5 9. Bb2 Nxf3+ 10. gxf3 a5 11. a3 b6 12. cxb6 Qxb6 13. b5 Bb7 14. Na4 Qc7
15. bxc6 Bxc6 16. Rc1 Qb7 17. Rxc6 Qxc6 18. Qb3 Kd8 19. Rg1 Ne8 20. Rg5 Nc7 21.
Bd3 f6 22. Rh5 h6 23. e4 Bd6 24. Kf1 dxe4 25. Bxe4 Qa6+ 26. Kg2 Ke7 27. Qe3 Kf7
28. Nc5 Qc8 29. Qb3+ Ke7 30. Qe3 Kf7 31. Bxa8 Qxa8 32. Ne4 Be7 33. Qb6 Nd5 34.
Qb3 Rd8 35. Nc3 g5 36. Nxd5 Qxd5 37. Qc2 Kg7 38. h4 Qf7 39. Qe2 Re8 40. f4 Bxa3
41. Bxf6+ Kf8 42. Be5 gxf4 43. Qg4 Ke7 44. Rf5 Rg8 45. Rxf7+ Kxf7 46. Qxg8+
Kxg8 47. Bxf4 a4 48. Kf3 Kf7 49. Ke4 Be7 50. Bc1 Bxh4 51. Kd3 h5 52. f3 Ke6 53.
Ke4 Bg3 54. f4 h4 55. f5+ Kf6 56. Bb2+ Kg5 57. f6 Bd6 58. Kf3 Kf5 59. Kg2 Kg4
60. Kh1 Kf3 61. Kg1 h3 62. Kh1 Kf2 63. f7 Kf3 64. Bg7 h2 65. f8=Q+ 1/2-1/2

[Event "43. Torneo de Ajedrez Villa de Mislata"]
[Site "Mislata ESP"]
[Date "2009.08.29"]
[Round "8.14"]
[White "Mascaro March, Pedro"]
[Black "Castella Garcia, Fausto"]
[Result "1-0"]
[WhiteElo "2382"]
[BlackElo "2320"]
[PlyCount "75"]
[EventDate "2009.08.24"]
[EventType "swiss"]
[EventRounds "9"]
[EventCountry "ESP"]
[Source "lmi"]
[SourceDate "2009.08.24"]

1. d4 Nf6 2. c4 g6 3. Nc3 Bg7 4. e4 d6 5. Nf3 O-O 6. Be2 c5 7. d5 e6 8. O-O
exd5 9. exd5 Bg4 10. Qb3 b6 11. Bf4 Re8 12. h3 Bf5 13. Rfe1 Ne4 14. Nxe4 Rxe4
15. Bh2 Na6 16. a3 Nc7 17. g4 Bc8 18. Qc2 Re8 19. Rab1 Bb7 20. Nd2 Be5 21. Bxe5
Rxe5 22. Bd3 Qe7 23. Re4 Re8 24. Qc3 Qh4 25. Nf3 Qxh3 26. Nxe5 Rxe5 27. Rxe5
Qxg4+ 28. Kf1 Qh3+ 29. Ke2 dxe5 30. Qxe5 Qd7 31. Kd2 b5 32. b3 Ne8 33. Re1 Nd6
34. Qe7 Qxe7 35. Rxe7 bxc4 36. bxc4 Bc8 37. Rc7 h5 38. Rc6 1-0